00482nam a2200181Ia 4500003000400000005001700004008004000021040000700061041001200068082001700080100004800097245004900145250000600194260005100200300000800251440000600259650003500265OSt20230929151846.0210210b1966 xxu||||| |||| 00| 0 eng d cAL aEnglish a510.245 MARM aMARGENAU (Henry) & MURPHY (George Moseley). aMathematics of physics and chemistry ,The.V1 a2 aNDbAffiliated East-West Prees Pvt. Ltd.c1966 a604 a1 aMaths of physics and chemistry